000 00783nam a22002657a 4500
001 000048828
003 DO-SdBNP
005 20240530073926.0
007 ta
008 190415s2022 dr 000 f spa d
020 _a9789945100167
040 _aDO-SdBNP
_bspa
_cBNPHU
082 4 _aRD863.44
_bS787p, 2022
_222
100 1 _aStanley, Avelino,
_d1959-
_91536
245 1 0 _aPor qué no he de llorar /
_cAvelino Stanley.
250 _a8a. ed.
260 _aSanto Domingo :
_bCocolo,
_c2022.
300 _a137 p. ;
_c23 cm.
500 _aIncluye datos biográficos del autor en la contraportada.
590 _aInventariado, 2022/ YL
650 0 _aNovela dominicana
_9223
650 0 _aLiteratura dominicana.
_967
910 _aYlockward /Validado, 222/MFF
942 _2ddc
_cLBS1
999 _c51505
_d51505